000
00245nam a2200097Ia 4500
001
710194
005
20250826162744.0
008
250824s9999 xx 000 0 und d
245
0
_a
YENİ BİR YUVA
_c
AYLA ÇINAROĞLU
260
_b
UÇANBALIK YAYINLARI
999
_c
710194
_d
710194